000 01479cam a22003857a 4500
003 CHAP
005 20220329142039.0
008 990421d1995 mx rs o00110 spa d
010 _a77561
011 _a78533
020 _a9701308158
035 _a88513
040 _cCHAP
082 0 4 _a317.2
_bI6 Yuc.
110 2 _aInstituto Nacional de Estadística, Geografía e Informática. México
_959304
245 1 0 _aImágenes económicas :
_bYucatán
_c/por Instituto Nacional de Estadística, Geografía e Informática
260 _aAguascalientes, Ags. :
_bInstituto Nacional de Estadística, Geografía e Informática,
_c1995.
300 _a93 p. :
_bgráfs. ; cuadros
590 _aBATCH-UPD
_b10
_c20130110
_lUCH01
_h0104
590 _aBATCH-UPD
_b10
_c20130110
_lUCH01
_h1607
590 _aBATCH-UPD
_b10
_c20130409
_lUCH01
_h2054
590 _aBATCH-UPD
_b10
_c20130410
_lUCH01
_h1003
590 _aBATCH-UPD
_b10
_c20130914
_lUCH01
_h1013
590 _aCONVERSION
_b10
_c20130109
_lUCH01
_h1343
650 1 4 _aComercio
_xEstadísticas
_zYucatán.
_925605
650 1 4 _aIndustria
_xEstadísticas
_zYucatán.
_957736
650 1 4 _aTrabajo y trabajadores
_xEstadísticas.
_9114522
650 1 4 _aYucatán
_xCondiciones económicas.
_9123315
650 1 4 _aYucatán
_xEstadísticas.
_9123322
790 0 _aCensos económicos, 1994
901 _aBK
905 _aLilia Sánchez G.
942 _cLIBRO
949 _a317.2 I6 Yuc.
_bBC
_cINEGI
_d33724000722328
_eINEGI
_h95052
_i88513
_kDonaciØn
_sb
999 _c77561
_d77561